Číslicové počítače

Salvato in:
Dettagli Bibliografici
Natura: Libro
Lingua:ceco
Pubblicazione: Praha Státní nakladatelství technické literatury 1980
Serie:Knižnice výpočetní techniky
Tags: Aggiungi Tag
Nessun Tag, puoi essere il primo ad aggiungerne!!

MARC

LEADER 00000nam a2200000 4500
001 c140647
005 20041019155319.6
041 0 |a cze 
044 |a CZ 
245 1 0 |a Číslicové počítače 
264 1 |a Praha  |b Státní nakladatelství technické literatury  |c 1980 
300 |a 492 s. 
490 1 |a Knižnice výpočetní techniky 
830 0 |a Knižnice výpočetní techniky